| 000 | 005290000a22001570004500 | ||
|---|---|---|---|
| 090 |
_aAR _b00613 |
||
| 245 | 1 | 0 | _aDugong: endangered siren of the south seas: the legendary mermaid has been so exploited by man that she needs help to survive |
| 650 | 1 | 4 |
_aEspecies en extinción _94653 |
| 650 | 1 | 4 |
_aMamíferos acuáticos _993274 |
| 650 | 1 | 4 |
_aUso de fauna _920626 |
| 653 |
_gDugong _eDugong dugon |
||
| 041 | 0 | _aInglés | |
| 100 | 1 |
_aHusar, Sandra L. _993714 |
|
| 942 | _cARTICULO | ||
| 773 | 1 |
_tEnvironmental Journal _3238 _q15-18 _d1975 |
|
| 999 |
_c9705 _d9705 |
||